• 首页
  • 本馆介绍
  • 公告通知
  • 最新文献
  • 馆藏检索
  • 电子资源
  • 读者导购
  • 参考咨询
  • 我的图书馆
  • 登录
  • 详细信息显示
  • 放入我的书架
  • 预约/预借图书
  • 作者相关作品
  • 分类相关作品
  • 丛书相关作品
  • 出版社相关作品

书目信息

  • 表格格式
  • 工作单格式
  • 卡片格式
题名:
极重度多重障碍个案照护与疗育课程评量
    
 
作者: 林丽英 编制
分册:  
出版信息: 台北   心理出版社股份有限公司  2005
页数: 75页
开本: 26cm
丛书名: 障碍教育
单 册:
中图分类: R473 , R496
科图分类:
主题词: 残疾人--护理--评估--手册 , 残疾人--康复训练--评估--手册 , 残疾人 , 护理 , 康复训练
电子资源:
ISBN: 978-957-702-804-4
000 00867oam2 2200289 450
001 1536136642
005 20150201100243.73
010    @a978-957-702-804-4@dTWD200.00
100    @a20110803e20072005em y0chiy50 ea
101 0  @achi
102    @aCN@b710000
105    @ay z 000yy
200 1  @a极重度多重障碍个案照护与疗育课程评量@9ji chong du duo chong zhang ai ge an zhao hu yu liao yu ke cheng ping liang@e指导手册@f林丽英编制
210    @a台北@c心理出版社股份有限公司@d2005@h2007重印
215    @a75页@d26cm
225 1  @a障碍教育@v53
461  0 @12001 @a障碍教育
606 0  @a残疾人@x护理@x评估@j手册
606 0  @a残疾人@x康复训练@x评估@j手册
606 0  @a残疾人
606 0  @a护理
606 0  @a康复训练
690    @aR473@v5
690    @aR496@v5
701  0 @a林丽英@9lin li ying@4编制
801  0 @aCN@bTSSF@c20150201
905    @aZUCC@dR473@eJY1
    
    极重度多重障碍个案照护与疗育课程评量:指导手册/林丽英编制.-台北:心理出版社股份有限公司,2005(2007重印)
    75页;26cm.-(障碍教育;53)
    
    
    ISBN 978-957-702-804-4:TWD200.00
    
●
相关链接 在E读中查询图书 在五车中查询图书 在当当中查询图书 在豆瓣中查询图书


正题名:极重度多重障碍个案照护与疗育课程评量     索取号:R473/JY1         预约/预借

序号 登录号 条形码 馆藏地/架位号 状态 备注
1 7864137   278641374   学院路分馆/ [索取号:R473/JY1] 在馆    
2 7864138   278641383   学院路分馆/ [索取号:R473/JY1] 在馆    
唐山师范学院图书馆 欢迎您!
大连网信软件有限公司© 版权所有